Visualizzazione normale
Vista MARC
- Fiori Lidia
di Personal Name
Records bibliografici associati: 1
001 - CONTROL NUMBER
- control field: 27388
003 - CONTROL NUMBER IDENTIFIER
- control field: IT-RoPau
005 - DATE AND TIME OF LATEST TRANSACTION
- control field: 20140527211704.0
008 - FIXED-LENGTH DATA ELEMENTS
- fixed length control field: 140527|| aca||aabn | a|a d
040 ## - CATALOGING SOURCE
- Original cataloging agency: IT-RoPau
- Transcribing agency: IT-RoPau
100 ## - HEADING--PERSONAL NAME
- Personal name: Fiori Lidia
- Dates associated with a name: Codice autore testo/musica SPICS: 33229
- Relator term: Autore testo/musica
- Name of part/section of a work: Che grossa nostalgia
670 ## - SOURCE DATA FOUND
- Source citation: Work cat.: (IT-RoPau)100112: AA.VV. 794, Supersanremo 1991